| 000 | 00842nam a2200265Ia 4500 | ||
|---|---|---|---|
| 003 | OSt | ||
| 005 | 20220923210954.0 | ||
| 006 | a|||||r|||| 00| 0 | ||
| 007 | ta | ||
| 008 | 220922b |||||||| |||| 00| 0 hin d | ||
| 020 | _a8126310774 (hb) | ||
| 024 | _a230,864 | ||
| 037 | _cTextual | ||
| 040 |
_aARTS _cARTS _bhin |
||
| 041 |
_2hin _ahin |
||
| 082 | _aO152,1N11x, P4 | ||
| 100 |
_aअज्ञेय _9156687 |
||
| 245 | 0 | _aकितनी नावों में कितनी बार | |
| 246 | _aKitanī nāvoan mean kitanī bāra | ||
| 260 |
_aदिल्ली _b भारतीय ज्ञानपीठ _c2004 |
||
| 300 |
_a100पृ. _ccm. |
||
| 650 |
_aहिन्दी साहित्य _9156264 |
||
| 942 |
_hO152,1N11x, P4 _cTEXL _2CC |
||
| 999 |
_c293323 _d293323 |
||